| 000 | 00584nam a2200205 u 4500 | ||
|---|---|---|---|
| 005 | 20240806063825.0 | ||
| 008 | 141202s2008 r 000 0 eng d | ||
| 020 | _a9789709852509 | ||
| 035 | _aUPN01000200972 | ||
| 049 | _aI | ||
| 050 | 4 |
_aPZ75 _bG4.8 |
|
| 100 | 1 |
_aGeraud, Carmen _936635 |
|
| 245 | 1 | 0 |
_aValeria : _bla respuesta está en el corazón / _cCarmen Geraud. |
| 260 |
_aMéxico. : _bEuroMéxico, _c2008. |
||
| 300 |
_a28 p. : _bil. col. |
||
| 650 | 0 |
_aValores en la literatura _912441 |
|
| 650 | 4 |
_aLiteratura juvenil _95153 |
|
| 905 | _aInfantil | ||
| 999 |
_c173073 _d173073 |
||